| 000 | 00583cab a2200205 4500 | ||
|---|---|---|---|
| 001 | ABS39235 | ||
| 008 | 090401t1988 xxu||||| |||| 00| 0 eng d | ||
| 035 | _a(Sirsi) u15313 | ||
| 041 | _aeng | ||
| 100 | _aCornes, D. | ||
| 245 | _aPerth is rising high | ||
| 260 | _c1988 | ||
| 350 | _a0 | ||
| 490 |
_aWorld Property _v2(4) May 1988, 23-25(2) |
||
| 520 | _aA summary of activity in the Perth office market , particularly in the city`s central business district. Details of prime rents . | ||
| 650 | _aDEVELOPMENT | ||
| 690 | _aOVERSEAS | ||
| 942 | _n0 | ||
| 948 | _c04/03/1997 | ||
| 999 |
_c10025 _d10025 |
||